[Event "Hamburger Einzelturniere 2005"]
[Site "Hamburg"]
[Date "2005.08.27"]
[Round "4.1"]
[White "Sternberg, Lew"]
[Black "Reddmann, Hauke"]
[Result "1/2-1/2"]
[WhiteElo "1909"]
[BlackElo "2336"]
[PlyCount "57"]
[EventDate "2005.??.??"]

1. e4 c5 2. d4 cxd4 3. Nf3 e6 4. Nxd4 a6 5. Bd3 Qc7 6. O-O Be7 7. Nc3 Nf6 8.
Bg5 Nc6 9. Nxc6 bxc6 10. Be3 Rb8 11. Rb1 d5 12. f4 c5 13. e5 d4 14. exf6 gxf6
15. Bd2 dxc3 16. Bxc3 Bb7 17. Qe2 Qc6 18. Rbe1 Rg8 19. Be4 Qxe4 20. Qxe4 Bxe4
21. Rxe4 f5 22. Rc4 Kd7 23. Rf3 h5 24. Be5 Rb4 25. Rxb4 cxb4 26. Rd3+ Kc6 27.
Kf2 h4 28. c3 a5 29. cxb4 1/2-1/2

[Event "Hamburger Einzelturniere 2005"]
[Site "Hamburg"]
[Date "2005.08.27"]
[Round "4.3"]
[White "Schroeder, Gerhard"]
[Black "Homm, Marc-Michael"]
[Result "1/2-1/2"]
[WhiteElo "2040"]
[BlackElo "2055"]
[PlyCount "64"]
[EventDate "2005.??.??"]

1. e4 c5 2. Nf3 Nc6 3. d4 cxd4 4. Nxd4 Nf6 5. Nc3 e5 6. Ndb5 d6 7. Bg5 a6 8.
Na3 b5 9. Bxf6 gxf6 10. Nd5 f5 11. Bd3 Be6 12. O-O Bg7 13. c3 O-O 14. Re1 Bxd5
15. exd5 Ne7 16. Qh5 e4 17. Bf1 Be5 18. Nc2 f6 19. Rad1 Qe8 20. Qxe8 Rfxe8 21.
g3 Kf7 22. Bh3 a5 23. Nd4 Bxd4 24. Rxd4 Kg6 25. f3 exf3 26. Kf2 Ng8 27. Re6
Rad8 28. Kxf3 Nh6 29. a4 Rxe6 30. dxe6 bxa4 31. Rxa4 Rb8 32. b4 axb4 1/2-1/2

[Event "Hamburger Einzelturniere 2005"]
[Site "Hamburg"]
[Date "2005.08.27"]
[Round "4.4"]
[White "Szudra, Heinz-Werner"]
[Black "Sellack, Helmut"]
[Result "0-1"]
[WhiteElo "2016"]
[BlackElo "1970"]
[PlyCount "112"]
[EventDate "2005.??.??"]

1. c4 e5 2. Nc3 Nf6 3. Nf3 Nc6 4. g3 Bb4 5. Bg2 d6 6. O-O O-O 7. d3 h6 8. a3
Bxc3 9. bxc3 a5 10. e4 Be6 11. Rb1 Rb8 12. h3 Nd7 13. Nh4 Ne7 14. Be3 g5 15.
Nf5 Nxf5 16. exf5 Bxf5 17. f4 exf4 18. gxf4 Qe7 19. Bd4 c5 20. fxg5 Qxg5 21.
Qf3 cxd4 22. Qxf5 Qxf5 23. Rxf5 dxc3 24. Bd5 Nc5 25. Rc1 Nxd3 26. Rxc3 Ne5 27.
Rg3+ Kh7 28. Rf6 b5 29. h4 (29. cxb5 Rxb5 30. Be4+ Ng6 31. Rgxg6 fxg6 32. Rxf8)
29... bxc4 30. h5 Rb1+ 31. Kf2 Rb2+ 32. Kf1 Rb1+ 33. Kf2 Nd3+ 34. Ke3 Re1+ 35.
Kd4 Nc5 36. Rxd6 Ne6+ 37. Bxe6 Rxe6 38. Rxe6 fxe6 39. Kxc4 Rf4+ 40. Kb3 Rh4 41.
Rg6 a4+ 42. Kb2 Rxh5 43. Rxe6 Rh2+ 44. Kc3 Rh4 45. Rd6 h5 46. Ra6 Rg4 47. Kd3
h4 48. Ke2 h3 49. Ra7+ Kh6 50. Ra8 Kg5 51. Rg8+ Kh4 52. Rh8+ Kg3 53. Rf8 h2 54.
Rf3+ Kg2 55. Rf2+ Kh3 56. Rf3+ Rg3 0-1

[Event "Hamburger Einzelturniere 2005"]
[Site "Hamburg"]
[Date "2005.08.27"]
[Round "4.5"]
[White "Graffenberger, Wilhelm"]
[Black "Möhrmann, Marcus"]
[Result "0-1"]
[WhiteElo "1754"]
[BlackElo "2126"]
[PlyCount "76"]
[EventDate "2005.??.??"]

1. d4 Nf6 2. Nf3 g6 3. e3 Bg7 4. Bd3 c5 5. c3 b6 6. Nbd2 O-O 7. O-O Bb7 8. Re1
d5 9. e4 cxd4 10. Nxd4 dxe4 11. Nxe4 Nxe4 12. Bxe4 Bxe4 13. Rxe4 e5 14. Bh6
Bxh6 15. Rxe5 Bg7 16. Re4 Qd5 17. Qc2 Nc6 18. Rd1 Rad8 19. Qd3 Nxd4 20. cxd4 f5
21. Re7 Bxd4 22. Kf1 Bf6 23. Qxd5+ Rxd5 24. Rxd5 Bxe7 25. Rd7 Bf6 26. b3 Rf7
27. Rd6 Be7 28. Rc6 Bc5 29. f3 Re7 30. Rc8+ Kf7 31. g4 Ke6 32. h4 Ke5 33. Rd8
fxg4 34. fxg4 Rf7+ 35. Ke1 Bf2+ 36. Ke2 Bxh4 37. Re8+ Re7 38. Rc8 Kf4+ 0-1

[Event "Hamburger Einzelturniere 2005"]
[Site "Hamburg"]
[Date "2005.08.27"]
[Round "4.6"]
[White "Becker-Bertau, Friedrich"]
[Black "Fraas, Henning"]
[Result "0-1"]
[WhiteElo "1859"]
[BlackElo "2125"]
[PlyCount "86"]
[EventDate "2005.??.??"]

1. e4 c6 2. d4 d5 3. exd5 cxd5 4. c4 Nf6 5. Nc3 Nc6 6. cxd5 Nxd5 7. Bc4 Nb6 8.
Bb5 Bd7 9. Nf3 a6 10. Be2 e6 11. O-O Be7 12. Re1 O-O 13. a3 Be8 14. Ne4 Qd5 15.
Bd3 Rd8 (15... Nxd4 16. Nxd4 Qxd4 17. Ng5 g6 18. Nxh7 Rd8 (18... Kxh7 19. Bxg6+
) 19. Nxf8 Qxd3) 16. Nc3 Qd7 17. Ng5 (17. Be3 Bf6 18. Qc2 h6) 17... g6 18. Nxh7
Kxh7 19. Qh5+ (19. Qd2 Kg8) 19... Kg8 20. Qh6 Qxd4 21. Bxg6 fxg6 22. Be3 Qg4
23. Bxb6 Bg5 24. Re4 Bxh6 25. Rxg4 Rd2 26. b4 e5 (26... Bg7 27. Ne4 (27. Rc1
Bxc3)) 27. Ne4 Rd7 28. Nc5 Rd5 29. h4 Rf6 30. Re1 Bd7 31. Rc4 Bc8 32. Ne4 Re6
33. g4 Bg7 34. Kg2 Re8 35. Ng5 Rd3 36. a4 Rb3 37. Bc5 Bf6 38. Nf3 Be6 39. Rce4
Bd5 40. g5 Bxe4 41. Rxe4 Be7 42. h5 Bxc5 43. bxc5 Rb4 0-1

[Event "Hamburger Einzelturniere 2005"]
[Site "Hamburg"]
[Date "2005.08.27"]
[Round "4.7"]
[White "Weiss, Siegfried"]
[Black "Mueller, Joerg"]
[Result "1-0"]
[WhiteElo "2118"]
[BlackElo "2056"]
[PlyCount "93"]
[EventDate "2005.??.??"]

1. b3 Nf6 2. Bb2 g6 3. Bxf6 exf6 4. c4 Bg7 5. Nc3 O-O 6. e3 Re8 7. Nge2 b6 8.
d4 Bb7 9. Qd2 f5 10. d5 Na6 11. g3 d6 12. Bg2 Nc5 13. O-O Ne4 14. Qc2 Qe7 15.
Rad1 Rac8 16. Nb5 a6 17. Nbd4 Nf6 18. Rfe1 Ng4 19. Nf4 Bh6 20. h3 Ne5 21. Nd3
Nxd3 22. Qxd3 Qf6 23. b4 Re7 24. Re2 Rce8 25. a4 Bg7 26. a5 bxa5 27. bxa5 Re4
28. Rb2 Bc8 29. Rb8 Bd7 30. Rb7 Qd8 31. Nc6 Bxc6 32. dxc6 R4e7 33. Rdb1 Qc8 34.
Ra7 g5 35. Rbb7 f4 36. gxf4 gxf4 37. exf4 Qd8 38. Bd5 Kh8 39. Rb1 Rg8 40. Kf1
Qc8 41. Rab7 Qe8 42. R7b3 Bh6 43. Qf5 Rg6 44. Rb8 Re1+ 45. Rxe1 Qxb8 46. Bxf7
Qb4 47. Re8+ 1-0

[Event "Hamburger Einzelturniere 2005"]
[Site "Hamburg"]
[Date "2005.08.27"]
[Round "4.8"]
[White "Winnicki, Alice"]
[Black "Urban, Ralf-Dieter"]
[Result "0-1"]
[WhiteElo "2092"]
[BlackElo "1993"]
[PlyCount "20"]
[EventDate "2005.??.??"]

1. e4 e5 2. Nf3 d5 3. exd5 e4 4. Qe2 Nf6 5. Nc3 Be7 6. Nxe4 O-O 7. Nc3 Bg4 8.
Qd3 Na6 9. Nd4 Nb4 10. Qc4 c5 0-1

[Event "Hamburger Einzelturniere 2005"]
[Site "Hamburg"]
[Date "2005.08.27"]
[Round "4.9"]
[White "Lochmann, Viktor"]
[Black "Schäfer, Jakob"]
[Result "0-1"]
[WhiteElo "1773"]
[BlackElo "2033"]
[PlyCount "64"]
[EventDate "2005.??.??"]

1. e4 c5 2. Nf3 d6 3. Nc3 a6 4. d4 cxd4 5. Nxd4 Nf6 6. Be2 e5 7. Nb3 Be7 8. O-O
Be6 9. Be3 O-O 10. f3 Nbd7 11. Qd2 Nb6 12. Na5 Qc7 13. Rfd1 d5 14. Nxd5 Nbxd5
15. exd5 Nxd5 16. Nb3 Bb4 17. Qd3 Rad8 18. c4 Nc3 19. Qc2 Nxd1 20. Rxd1 Rxd1+
21. Qxd1 Bxc4 22. Qc2 b5 23. Bd3 h6 24. a3 Be7 25. Bh7+ Kh8 26. Nd2 Bc5 27.
Nxc4 bxc4 28. Kf2 Bxe3+ 29. Kxe3 Qb6+ 30. Ke2 g6 31. Bxg6 Qxg6 32. Qxg6 fxg6
0-1

[Event "Hamburger Einzelturniere 2005"]
[Site "Hamburg"]
[Date "2005.08.27"]
[Round "4.10"]
[White "Bigalke, Andre"]
[Black "Weithart, Michael"]
[Result "0-1"]
[WhiteElo "2026"]
[BlackElo "1912"]
[PlyCount "54"]
[EventDate "2005.??.??"]

1. f4 e5 2. e4 exf4 3. Nf3 g5 4. h4 g4 5. Ne5 d6 6. Nxg4 Be7 7. Bc4 Bxh4+ 8.
Kf1 Qg5 9. Nh2 Qg3 10. Qe2 Nc6 11. Bb5 Nf6 12. a4 Bd7 13. Nf3 Bg4 14. d3 O-O-O
15. Bxc6 bxc6 16. Nbd2 Bg5 17. Kg1 Rdg8 18. b4 Nd7 19. d4 Nf6 20. Nf1 Bxf3 21.
Qa6+ Kd7 22. Nxg3 Nxe4 23. gxf3 Nxg3 24. Bb2 Nf5 25. Kf2 Bf6 26. Qc4 Rg2+ 27.
Ke1 Re8+ 0-1

[Event "Hamburger Einzelturniere 2005"]
[Site "Hamburg"]
[Date "2005.08.27"]
[Round "4.11"]
[White "Kyeck, Christopher"]
[Black "Kuhle, Sebastian"]
[Result "1/2-1/2"]
[WhiteElo "2017"]
[BlackElo "1813"]
[PlyCount "42"]
[EventDate "2005.??.??"]

1. d4 Nf6 2. c4 e6 3. Nf3 c5 4. d5 exd5 5. cxd5 d6 6. Nc3 g6 7. h3 Bg7 8. e4
O-O 9. Bd3 Na6 10. O-O Nc7 11. a4 Rb8 12. Re1 b6 13. Bf4 a6 14. Qe2 Qd7 15. Nd2
b5 16. axb5 axb5 17. Ra7 c4 18. Bb1 Rb7 19. Qe3 Re8 20. Rxb7 Bxb7 21. Qb6 Ncxd5
1/2-1/2

[Event "Hamburger Einzelturniere 2005"]
[Site "Hamburg"]
[Date "2005.08.27"]
[Round "4.12"]
[White "Schulz, Hans-Juergen"]
[Black "Cassens, Erhard Otto"]
[Result "1-0"]
[WhiteElo "2034"]
[BlackElo "1777"]
[PlyCount "81"]
[EventDate "2005.??.??"]

1. e4 e6 2. Nf3 Be7 3. d4 d5 4. e5 c5 5. dxc5 Bxc5 6. Bd3 b6 7. Qe2 Nc6 8. c3
a5 9. O-O Nge7 10. Bg5 Qc7 11. Nbd2 h6 12. Bf4 Qa7 13. a4 g5 14. Bg3 Nf5 15.
Kh1 Ba6 16. Bb5 Bxb5 17. axb5 Nb8 18. b4 Be7 19. bxa5 bxa5 20. Nb3 Qc7 21. Rfc1
a4 22. Nbd4 Nxg3+ 23. fxg3 Qb6 24. Nd2 Nd7 25. Nc6 Nc5 26. c4 dxc4 27. Qxc4 Bf8
28. Ne4 Nxe4 29. Qxe4 Bg7 30. Rxa4 Rxa4 31. Qxa4 O-O 32. Re1 Re8 33. h3 Bf8 34.
Rf1 Qb7 35. Qa6 Qc7 36. Rc1 Kg7 37. b6 Qd7 38. b7 Qd2 39. Qc4 Ba3 40. Rb1 Qc1+
41. Rxc1 1-0

[Event "Hamburger Einzelturniere 2005"]
[Site "Hamburg"]
[Date "2005.08.27"]
[Round "4.13"]
[White "Diehl, Walter"]
[Black "Klewin, Oliver"]
[Result "1-0"]
[WhiteElo "1752"]
[BlackElo "1768"]
[PlyCount "119"]
[EventDate "2005.??.??"]

1. e4 c5 2. Nf3 d6 3. d4 cxd4 4. Nxd4 Nf6 5. Nc3 a6 6. f3 e5 7. Nb3 Be6 8. Be3
Nbd7 9. Qd2 b5 10. O-O-O Rc8 11. g4 Nb6 12. Na5 b4 13. Nb1 Qc7 14. Bxa6 Ra8 15.
Bb5+ Nbd7 16. Nb3 Rxa2 17. Qd3 Be7 18. h4 O-O 19. h5 Rc8 20. g5 Ne8 21. g6 Nef6
22. gxh7+ Nxh7 23. Rdg1 Nb6 24. N1d2 Kh8 25. h6 g6 26. f4 exf4 27. Bxb6 Qxb6
28. Qd4+ Qxd4 29. Nxd4 Ra1+ 30. Nb1 Ba2 31. Kd2 Ng5 32. Bd3 Bf6 33. c3 bxc3+
34. Nxc3 Rxg1 35. Rxg1 Bxd4 36. Rxg5 Be3+ 37. Ke2 Kh7 38. Nxa2 Rb8 39. b4 Kxh6
40. Rd5 Ra8 41. Bc4 Rd8 42. Nc3 Rc8 43. Kd3 Bg1 44. Ba6 Rc6 45. b5 Rb6 46. Na4
Rb8 47. Rxd6 f3 48. b6 Kg5 49. b7 Bh2 50. Rd5+ Kg4 51. Nc5 Bf4 52. Nd7 Rh8 53.
e5 f2 54. Ke4 f5+ 55. exf6 Re8+ 56. Ne5+ Kg3 {(=)} 57. Bf1 Kh2 58. f7 Rf8 59.
Rb5 Kg1 60. Rb1 1-0

[Event "Hamburger Einzelturniere 2005"]
[Site "Hamburg"]
[Date "2005.08.27"]
[Round "4.14"]
[White "Ludwig, Jan"]
[Black "Schütt, Wilhelm"]
[Result "0-1"]
[WhiteElo "1566"]
[BlackElo "2102"]
[PlyCount "110"]
[EventDate "2005.??.??"]

1. e4 c5 2. c3 d5 3. exd5 Qxd5 4. d4 Nf6 5. Nf3 Bg4 6. Be2 cxd4 7. cxd4 e6 8.
Nc3 Bb4 9. O-O Qd6 10. Nb5 Qd8 11. Bg5 O-O 12. Bxf6 gxf6 13. Qc1 Nc6 14. Qf4 f5
15. Bc4 a6 16. Nc3 Bxf3 17. Qxf3 Qxd4 18. Bb3 Bxc3 19. bxc3 Qg4 20. Qe3 Rad8
21. h3 Qg7 22. f4 Qf6 23. Rad1 Rxd1 24. Rxd1 Rd8 25. Rxd8+ Qxd8 26. g4 fxg4 27.
hxg4 Qh4 28. Qf3 e5 29. Kg2 e4 30. Qe2 h5 31. Qxe4 Qxg4+ 32. Kf2 Kg7 33. Qf3
Qxf3+ 34. Kxf3 Ne7 35. a4 Kf6 36. Bc4 Nf5 37. Bd5 b6 38. Bc4 a5 39. Bf1 Ke7 40.
Bd3 Nd6 41. Kg3 f5 42. Kh4 Ne4 43. Kxh5 Nxc3 44. Bc2 Kf6 45. Kh4 Ne2 46. Bb3
Nxf4 47. Kg3 Ne2+ 48. Kf2 Nd4 49. Bd1 f4 50. Bh5 Ke5 51. Bg6 Kd5 52. Ke1 Kc4
53. Kd1 Nb3 54. Kc2 Nc5 55. Be8 Kb4 0-1

[Event "Hamburger Einzelturniere 2005"]
[Site "Hamburg"]
[Date "2005.08.27"]
[Round "4.15"]
[White "Kock, Rudolph"]
[Black "Biermann, Helge"]
[Result "0-1"]
[WhiteElo "1545"]
[BlackElo "1762"]
[PlyCount "64"]
[EventDate "2005.??.??"]

1. f4 d5 2. Nf3 g6 3. e3 Bg7 4. Bd3 c5 5. c3 Nc6 6. O-O e6 7. Bb5 Bd7 8. Bxc6
Bxc6 9. a4 b6 10. d4 Ne7 11. Ne5 Bb7 12. Na3 O-O 13. b4 cxd4 14. cxd4 Nf5 15.
g4 Nd6 16. Qf3 Qe7 17. b5 Rfc8 18. Ra2 Rc7 19. Nc2 Rac8 20. Rf2 Ne4 21. Ba3 Qh4
22. Nb4 Nxf2 23. Rxf2 Bf8 24. Ned3 Rc3 25. Bb2 R3c4 26. Ba3 f6 27. Qe2 Ra8 28.
Kg2 a6 29. h3 axb5 30. Qb2 Rxa4 31. Rc2 Qh6 32. Rxc4 dxc4+ 0-1

[Event "Hamburger Einzelturniere 2005"]
[Site "Hamburg"]
[Date "2005.08.27"]
[Round "4.16"]
[White "Jachinski, Ronald"]
[Black "Holzweißig, Hans-Joachim"]
[Result "0-1"]
[WhiteElo "1456"]
[BlackElo "1732"]
[PlyCount "82"]
[EventDate "2005.??.??"]

1. Nf3 g6 2. d4 Bg7 3. b3 d5 4. Bb2 Nf6 5. Nbd2 Nbd7 6. e3 O-O 7. Be2 Re8 8.
O-O c6 9. Re1 Qc7 10. c4 e6 11. Rb1 a5 12. cxd5 exd5 13. Bd3 Bf8 14. Qc2 Bg7
15. e4 dxe4 16. Nxe4 Rd8 17. Nxf6+ Nxf6 18. h3 Nd5 19. Bc4 Be6 20. Bxd5 Bxd5
21. Qd3 a4 22. Ra1 axb3 23. axb3 Rxa1 24. Rxa1 Qb6 25. Nd2 Be6 26. Nc4 Qb5 27.
Ra5 Bxc4 28. Rxb5 Bxd3 29. Rxb7 Bb5 30. f3 Bxd4+ 31. Bxd4 Rxd4 32. Re7 Rd3 33.
Kf2 Rxb3 34. Kg3 Rb2 35. Re1 Kg7 36. f4 h5 37. h4 Bc4 38. Rc1 Bd5 39. Rg1 Rxg2+
40. Rxg2 Bxg2 41. Kxg2 Kf6 0-1

[Event "Hamburger Einzelturniere 2005"]
[Site "Hamburg"]
[Date "2005.08.27"]
[Round "4.19"]
[White "Olschok, Juergen"]
[Black "Opasiak, Dustin Tennessee"]
[Result "1-0"]
[WhiteElo "1660"]
[BlackElo "1541"]
[PlyCount "75"]
[EventDate "2005.??.??"]

1. e4 e6 2. d4 d5 3. e5 Qd7 4. Bd3 b6 5. f4 a5 6. Nf3 Ba6 7. O-O Ne7 8. c3 h5
9. Na3 Bxd3 10. Qxd3 Nf5 11. Nc2 Nc6 12. Ne3 Nce7 13. Bd2 g6 14. g3 Nxe3 15.
Bxe3 Nf5 16. Kg2 Be7 17. h3 c5 18. Bf2 c4 19. Qd2 a4 20. a3 O-O-O 21. g4 Ng7
22. Rh1 Kb7 23. Bh4 Ra8 24. Raf1 Qd8 25. Bxe7 Qxe7 26. Qf2 Ra5 27. Qh4 Qxh4 28.
Nxh4 Rb5 29. Rf2 Kc7 30. Kg3 Kd7 31. Rhf1 Ke7 32. f5 gxf5 33. gxf5 Nxf5+ 34.
Nxf5+ exf5 35. Rxf5 Rh7 36. R1f2 Ra5 37. Kh4 Ra8 38. Rg2 1-0

[Event "Hamburger Einzelturniere 2005"]
[Site "Hamburg"]
[Date "2005.08.27"]
[Round "4.24"]
[White "Müller, Hartmut Dieter"]
[Black "Kolster, Jascha"]
[Result "1-0"]
[WhiteElo "1481"]
[BlackElo "1146"]
[PlyCount "103"]
[EventDate "2005.??.??"]

1. d4 d5 2. Nf3 g6 3. Bg5 Bg7 4. c4 h6 5. Bf4 g5 6. Bg3 e6 7. e3 Nf6 8. Be5
Nbd7 9. cxd5 Nxe5 10. Nxe5 Nxd5 11. Nc3 b6 12. Bb5+ Kf8 13. Qf3 Bxe5 14. dxe5
Bb7 15. Rd1 Nxc3 16. Rxd8+ Rxd8 17. e4 Rd1+ 18. Qxd1 Nxd1 19. Kxd1 Bxe4 20. f3
Bd5 21. a3 Kg7 22. Ke2 Rd8 23. Rd1 Kg6 24. Bd3+ f5 25. g4 c5 26. Ke3 c4 27.
gxf5+ exf5 28. Bxc4 f4+ 29. Kf2 Rc8 30. Bxd5 Rc2+ 31. Kg1 Rxb2 32. e6 Kf6 33.
Re1 Ke7 34. Rd1 Rc2 35. Bb3 Rb2 36. Rd7+ Ke8 37. Bc4 b5 38. Bd3 Ra2 39. Bg6+
Kf8 40. Rf7+ Kg8 41. e7 Ra1+ 42. Kg2 Ra2+ 43. Kh3 g4+ 44. Kxg4 Rg2+ 45. Kxf4
Re2 46. Rf8+ Kg7 47. Be4 Rxe4+ 48. fxe4 h5 49. e8=Q Kh6 50. Kf5 Kg7 51. Qf7+
Kh6 52. Rh8# 1-0

[Event "Hamburger Einzelturniere 2005"]
[Site "Hamburg"]
[Date "2005.08.28"]
[Round "5.1"]
[White "Sellack, Helmut"]
[Black "Sternberg, Lew"]
[Result "0-1"]
[WhiteElo "1970"]
[BlackElo "1909"]
[PlyCount "82"]
[EventDate "2005.??.??"]

1. e4 e5 2. Nf3 Nc6 3. Nc3 f5 4. Bb5 fxe4 5. Bxc6 exf3 6. Bxf3 Nf6 7. d4 exd4
8. Qxd4 Be7 9. O-O O-O 10. Bg5 c6 11. Rfe1 d5 12. Rad1 Re8 13. h3 Bf5 14. Rd2
h6 15. Bh4 Bc5 16. Rxe8+ Qxe8 17. Qf4 Qe1+ 18. Kh2 Bd6 19. Qxd6 Qxd2 20. Bxf6
gxf6 21. Nxd5 Qg5 22. Nxf6+ Kh8 23. Qe5 Qg7 24. Qxf5 Rf8 25. Qd7 Qxf6 26. Qxb7
Qf4+ 27. Kg1 Re8 28. Be2 Rxe2 29. Qc8+ Kg7 30. Qd7+ Kf8 31. Qd8+ Re8 32. Qd1
Ke7 33. g3 Qe4 34. c3 Qd5 35. Qa4 Kd8 36. Kh2 Re1 37. Qh4+ Ke8 38. g4 Qe5+ 39.
Kg2 Qe4+ 40. Kh2 Rh1+ 41. Kg3 Rg1+ 0-1

[Event "Hamburger Einzelturniere 2005"]
[Site "Hamburg"]
[Date "2005.08.28"]
[Round "5.2"]
[White "Reddmann, Hauke"]
[Black "Fraas, Henning"]
[Result "1-0"]
[WhiteElo "2336"]
[BlackElo "2125"]
[PlyCount "39"]
[EventDate "2005.??.??"]

1. c4 f5 2. e4 fxe4 3. d3 Nf6 4. dxe4 e5 5. Bd3 Bc5 6. Nf3 d6 7. h3 Nc6 8. Nc3
O-O 9. Bg5 Ne7 10. Qd2 c6 11. Na4 Bd4 12. Nxd4 exd4 13. O-O c5 14. f4 Qd7 15.
b3 Nc6 16. Rae1 Qf7 17. e5 Ne8 18. Be4 Kh8 19. exd6 Nxd6 20. Bxc6 1-0

[Event "Hamburger Einzelturniere 2005"]
[Site "Hamburg"]
[Date "2005.08.28"]
[Round "5.3"]
[White "Möhrmann, Marcus"]
[Black "Schroeder, Gerhard"]
[Result "1/2-1/2"]
[WhiteElo "2126"]
[BlackElo "2040"]
[PlyCount "74"]
[EventDate "2005.??.??"]

1. d4 d5 2. c4 c6 3. Nc3 Nf6 4. Nf3 e6 5. Bg5 dxc4 6. e4 b5 7. e5 h6 8. Bh4 g5
9. Nxg5 hxg5 10. Bxg5 Be7 11. exf6 Bxf6 12. Bxf6 Qxf6 13. a4 Rh4 14. axb5 Rxd4
15. Qe2 Bb7 16. Rd1 c5 17. f3 Nd7 18. Ne4 Qe5 19. Rxd4 cxd4 20. Nd2 c3 21. bxc3
dxc3 22. Nc4 Qc5 23. Qc2 Qb4 24. Be2 Bd5 25. Ne3 Bb3 26. Qe4 Qxe4 27. fxe4 Nc5
28. Kf2 c2 29. Rc1 Rd8 30. Ke1 Rd4 31. Nxc2 Rxe4 32. Kd2 Kd7 33. h3 Ra4 34. Ne3
Ra2+ 35. Ke1 f5 36. Rc3 Ba4 37. Bf1 Ra1+ {(=)} 1/2-1/2

[Event "Hamburger Einzelturniere 2005"]
[Site "Hamburg"]
[Date "2005.08.28"]
[Round "5.4"]
[White "Schäfer, Jakob"]
[Black "Weiss, Siegfried"]
[Result "1-0"]
[WhiteElo "2033"]
[BlackElo "2118"]
[PlyCount "69"]
[EventDate "2005.??.??"]

1. e4 e6 2. d4 c5 3. d5 exd5 4. exd5 d6 5. g3 Nf6 6. Bg2 Be7 7. Nf3 b5 8. a4 b4
9. O-O O-O 10. c4 bxc3 11. Nxc3 Na6 12. Na2 Bb7 13. Ne1 Qd7 14. Nc3 Nb4 15. Nc2
Ba6 16. Re1 Rab8 17. Nxb4 Rxb4 18. Qc2 Rfb8 19. Rb1 Bf8 20. h3 g6 21. Bg5 Bg7
22. Kh2 Bc4 23. Bf1 Bb3 24. Qe2 h6 25. Bxf6 Bxf6 26. Qf3 Bg7 27. Bb5 Qf5 28.
Qxf5 gxf5 29. Re7 Bc2 30. Rbe1 Rxb2 31. Ne2 a6 32. Be8 Be4 33. Bxf7+ Kf8 34.
Rc7 Rb1 35. Nf4 1-0

[Event "Hamburger Einzelturniere 2005"]
[Site "Hamburg"]
[Date "2005.08.28"]
[Round "5.5"]
[White "Urban, Ralf-Dieter"]
[Black "Homm, Marc-Michael"]
[Result "0-1"]
[WhiteElo "1993"]
[BlackElo "2055"]
[PlyCount "76"]
[EventDate "2005.??.??"]

1. e4 c5 2. Nf3 Nc6 3. d4 cxd4 4. Nxd4 Nf6 5. Nc3 e5 6. Nb3 Bb4 7. Bc4 O-O 8.
Bg5 h6 9. h4 d6 10. Qf3 Be6 11. Bxe6 fxe6 12. Qh3 Qc8 13. O-O-O Bxc3 14. Bxf6
Bd4 15. Bg5 hxg5 16. hxg5 Kf7 17. Qh5+ Ke7 18. Qh7 Rg8 19. Rd2 Qf8 20. c3 Bb6
21. Rh6 Rh8 22. Rxe6+ Kxe6 23. Qg6+ Kd7 24. Rd3 Re8 25. Rf3 Re6 26. Rf7+ Ne7
27. Qf5 g6 28. Qf3 Qg8 29. Nd2 Ke8 30. Rf6 Rxf6 31. gxf6 Qf7 32. g4 g5 33. a4
Rh6 34. Qd3 Rxf6 35. Nc4 Bc7 36. Ne3 Rxf2 37. Qb5+ Kd8 38. Nc4 Qf4+ 0-1

[Event "Hamburger Einzelturniere 2005"]
[Site "Hamburg"]
[Date "2005.08.28"]
[Round "5.6"]
[White "Weithart, Michael"]
[Black "Kyeck, Christopher"]
[Result "1/2-1/2"]
[WhiteElo "1912"]
[BlackElo "2017"]
[PlyCount "22"]
[EventDate "2005.??.??"]

1. e4 c5 2. d4 cxd4 3. c3 dxc3 4. Nxc3 e6 5. Nf3 Bc5 6. Bc4 d6 7. O-O Ne7 8.
Qe2 a6 9. a4 Ng6 10. Rd1 Nc6 11. Ba2 Qc7 1/2-1/2

[Event "Hamburger Einzelturniere 2005"]
[Site "Hamburg"]
[Date "2005.08.28"]
[Round "5.7"]
[White "Kuhle, Sebastian"]
[Black "Schulz, Hans-Juergen"]
[Result "0-1"]
[WhiteElo "1813"]
[BlackElo "2034"]
[PlyCount "64"]
[EventDate "2005.??.??"]

1. d4 d5 2. Nf3 c5 3. c4 cxd4 4. Qxd4 e6 5. cxd5 exd5 6. Qd1 Nc6 7. g3 Nf6 8.
Bg2 h6 9. O-O Bc5 10. Nbd2 Qe7 11. Nb3 Bb6 12. Nbd4 O-O 13. b3 Bg4 14. Bb2 Rfe8
15. Nxc6 bxc6 16. h3 Bf5 17. e3 Ne4 18. Nd4 Bd7 19. Kh2 Rad8 20. Nf3 c5 21. Qc2
Bc7 22. Nd2 Bb5 23. Bxe4 dxe4 24. Nc4 Bd7 25. Kg2 Qe6 26. Rh1 Qg6 27. Qe2 h5
28. Rad1 h4 29. g4 f5 30. Rdg1 fxg4 31. hxg4 Bxg4 32. Qc2 Be2+ 0-1

[Event "Hamburger Einzelturniere 2005"]
[Site "Hamburg"]
[Date "2005.08.28"]
[Round "5.8"]
[White "Pfeiffer, Daniel"]
[Black "Szudra, Heinz-Werner"]
[Result "1/2-1/2"]
[WhiteElo "1449"]
[BlackElo "2016"]
[PlyCount "113"]
[EventDate "2005.??.??"]

1. e4 e6 2. d4 d5 3. Nc3 Bb4 4. e5 c5 5. Bd2 Ne7 6. Nb5 Bxd2+ 7. Qxd2 O-O 8.
dxc5 Nbc6 9. f4 f6 10. Nf3 Ng6 11. Bd3 Nxf4 12. Qxf4 fxe5 13. Bxh7+ Kxh7 14.
Qg3 Rf6 15. O-O-O Rg6 16. Qh3+ Kg8 17. Nd6 Qf6 18. Qh5 Qf4+ 19. Kb1 Qg4 20.
Qxg4 Rxg4 21. g3 b6 22. cxb6 axb6 23. Rhe1 e4 24. Nd4 Bd7 25. Rf1 Ne5 26. Ne2
Nf3 27. h3 Rg5 28. Nxe4 dxe4 29. Rxd7 Rga5 30. Nc3 Re5 31. a3 Rf8 32. Ka2 e3
33. Rd3 e2 34. Nxe2 Rxe2 35. Rdxf3 Rxf3 36. Rxf3 Rxc2 37. Rb3 Rc6 38. Rc3 Rd6
39. a4 Kf7 40. b4 e5 41. Kb3 Ke6 42. a5 b5 43. Kc2 e4 44. Rc5 e3 45. Rc3 Rd2+
46. Kc1 Rd4 47. Rxe3+ Kd5 48. Rb3 Kc4 49. Kc2 Re4 50. Rd3 Re2+ 51. Rd2 Re3 52.
Rd7 Rxg3 53. a6 Ra3 54. Rxg7 Ra2+ 55. Kb1 Rxa6 56. Rg4+ Kb3 57. h4 {(=)}
1/2-1/2

[Event "Hamburger Einzelturniere 2005"]
[Site "Hamburg"]
[Date "2005.08.28"]
[Round "5.9"]
[White "Schütt, Wilhelm"]
[Black "Schröder, Kai Uwe"]
[Result "1-0"]
[WhiteElo "2102"]
[BlackElo "1716"]
[PlyCount "41"]
[EventDate "2005.??.??"]

1. e4 e6 2. d4 d5 3. Nd2 Nf6 4. e5 Nfd7 5. c3 c5 6. f4 Nc6 7. Ndf3 Qb6 8. h4
cxd4 9. cxd4 Bb4+ 10. Kf2 f6 11. Be3 O-O 12. Bd3 fxe5 13. Bxh7+ Kxh7 14. Ng5+
Kg6 15. h5+ Kh6 16. Nxe6 exf4 17. Qg4 fxe3+ 18. Kg3 Bd6+ 19. Kh3 Rf6 20. Qxg7+
Kxh5 21. g4# 1-0

[Event "Hamburger Einzelturniere 2005"]
[Site "Hamburg"]
[Date "2005.08.28"]
[Round "5.10"]
[White "Bock, Oliver"]
[Black "Bigalke, Andre"]
[Result "0-1"]
[WhiteElo "1692"]
[BlackElo "2026"]
[PlyCount "48"]
[EventDate "2005.??.??"]

1. d4 Nf6 2. Nf3 g6 3. c4 c5 4. d5 b5 5. cxb5 a6 6. bxa6 Bxa6 7. Nc3 Bg7 8. e4
Bxf1 9. Kxf1 d6 10. g3 Nbd7 11. Kg2 O-O 12. Re1 Qb8 13. h3 Rc8 14. Qc2 Nb6 15.
Re2 h6 16. Bf4 Nfd7 17. Rae1 Nc4 18. b3 Na3 19. Qc1 c4 20. Bxh6 cxb3 21. Bxg7
Kxg7 22. axb3 Qxb3 23. Ra2 Rxc3 24. Qd2 Rxf3 0-1

[Event "Hamburger Einzelturniere 2005"]
[Site "Hamburg"]
[Date "2005.08.28"]
[Round "5.11"]
[White "Holzweißig, Hans-Joachim"]
[Black "Graffenberger, Wilhelm"]
[Result "1/2-1/2"]
[WhiteElo "1732"]
[BlackElo "1754"]
[PlyCount "107"]
[EventDate "2005.??.??"]

1. Nc3 d5 2. e4 d4 3. Nce2 c5 4. Ng3 e5 5. Bc4 Nf6 6. d3 h6 7. N1e2 Be7 8. O-O
O-O 9. f4 Nc6 10. f5 Na5 11. Bb3 Nxb3 12. axb3 b5 13. Bd2 b4 14. Kh1 a5 15. Ng1
Bd7 16. Nh5 a4 17. bxa4 Rxa4 18. Rxa4 Bxa4 19. b3 Bd7 20. Nxf6+ Bxf6 21. Qg4
Kh7 22. Ra1 Rg8 23. Qh5 Be8 24. Nh3 g5 25. Nf2 Bg7 26. Qd1 f6 {(=)} 27. g4 Qb6
28. Ra2 Bc6 29. Qa1 Bb7 30. Nd1 Qc6 31. Nb2 Ra8 32. Na4 Bf8 33. Qf1 Qe8 34. Ra1
Bc6 35. Be1 Bxa4 36. bxa4 Rxa4 37. Rc1 Qf7 38. h4 Ra6 39. hxg5 fxg5 40. Qh3 b3
41. cxb3 Qxb3 42. Qf3 Be7 43. Bg3 Qb2 44. Rf1 Bf6 45. Qd1 Ra2 46. Rf2 Ra1 47.
Rxb2 Rxd1+ 48. Kg2 Rxd3 49. Rb7+ Kg8 50. Rb8+ Kf7 51. Rb7+ Ke8 52. Rb6 Kf7 53.
Rb7+ Kg8 54. Rb8+ {(=)} 1/2-1/2

[Event "Hamburger Einzelturniere 2005"]
[Site "Hamburg"]
[Date "2005.08.28"]
[Round "5.12"]
[White "Mueller, Joerg"]
[Black "Diehl, Walter"]
[Result "1-0"]
[WhiteElo "2056"]
[BlackElo "1752"]
[PlyCount "47"]
[EventDate "2005.??.??"]

1. e4 c5 2. Nf3 d6 3. d4 cxd4 4. Nxd4 Nf6 5. Nc3 g6 6. Be3 Bg7 7. f3 O-O 8. Qd2
Nc6 9. g4 Re8 10. O-O-O Bd7 11. h4 Rc8 12. Kb1 Ne5 13. h5 Nc4 14. Bxc4 Rxc4 15.
hxg6 hxg6 16. Bh6 Bh8 17. Nde2 Qc7 18. e5 Bxg4 19. exf6 Bxf3 20. Bg7 Bxh1 21.
Qh6 Rh4 22. Qxh4 Bxg7 23. fxg7 Kxg7 24. Rxh1 1-0